[Event "Steinfurt Bezirksliga 1314"]
[Site "Germany"]
[Date "2013.11.09"]
[Round "3.8"]
[White "Woeste, Georg"]
[Black "Splinter, Daniel"]
[Result "1-0"]
[WhiteElo "1743"]
[BlackElo "1143"]
[PlyCount "99"]
[EventDate "2013.09.14"]
[EventType "team-tourn"]
[EventRounds "9"]
[EventCountry "GER"]
[SourceTitle "EXT 2015"]
[Source "ChessBase"]
[SourceDate "2014.11.20"]
[SourceVersion "1"]
[SourceVersionDate "2014.11.20"]
[SourceQuality "1"]
[WhiteTeam "Reckenfeld"]
[BlackTeam "Rheine Klein Berlin II"]
[WhiteTeamCountry "GER"]
[BlackTeamCountry "GER"]

1. Nf3 d5 2. d4 Nf6 3. g3 Bf5 4. Bg2 Nc6 5. 0-0 h6 6. Nbd2 e6 7. c3 Be7 8. Re1 0-0 9. b4 a6 10. Bb2 Ne4 11. Nb3 Nd6 12. Nfd2 b6 13. e4 dxe4 14. Nxe4 Nxe4 15. Bxe4 Bxe4 16. Rxe4 Qd7 17. Qe2 Bf6 18. Re1 Rfd8 19. Bc1 a5 20. b5 Ne7 21. a4 Nd5 22. Bd2 c6 23. c4 Nb4 24. c5 Nc2 25. cxb6 Nxd4 26. Nxd4 Bxd4 27. Rxd4 Qxd4 28. b7 Qxa4 29. bxa8Q Rxa8 30. b6 c5 31. b7 Rb8 32. Qa6 Qb3 33. Qxa5 c4 34. Qa8 Qxb7 35. Qxb7 Rxb7 36. Rc1 Rc7 37. Kf1 Kf8 38. Ke2 Ke7 39. Bf4 Rc5 40. Rd1 e5 41. Be3 Rc6 42. Rd5 Ke6 43. Rc5 Rxc5 44. Bxc5 Kd5 45. Bf8 c3 46. Bxg7 c2 47. Bxh6 f5 48. Bc1 e4 49. h4 Ke5 50. Ke3 1-0

[Event "Steinfurt Bezirksliga 1314"]
[Site "Germany"]
[Date "2013.09.14"]
[Round "1.8"]
[White "Koerbel, Thomas"]
[Black "Splinter, Daniel"]
[Result "1/2-1/2"]
[WhiteElo "1365"]
[BlackElo "1143"]
[PlyCount "31"]
[EventDate "2013.09.14"]
[EventType "team-tourn"]
[EventRounds "9"]
[EventCountry "GER"]
[SourceTitle "EXT 2015"]
[Source "ChessBase"]
[SourceDate "2014.11.20"]
[SourceVersion "1"]
[SourceVersionDate "2014.11.20"]
[SourceQuality "1"]
[WhiteTeam "Saerbeck II"]
[BlackTeam "Rheine Klein Berlin II"]
[WhiteTeamCountry "GER"]
[BlackTeamCountry "GER"]

1. e4 c5 2. c3 d6 3. d4 cxd4 4. cxd4 g6 5. Nc3 Bg7 6. Be3 a6 7. Be2 Nf6 8. Nf3 0-0 9. 0-0 Bd7 10. Rc1 b5 11. b4 Nc6 12. a3 Qb8 13. Qd2 Rd8 14. Ng5 h6 15. Nf3 g5 16. h4 1/2-1/2

[Event "Muensterland Verbandsklasse-B 1213"]
[Site "Germany"]
[Date "2013.03.16"]
[Round "7.8"]
[White "Splinter, Daniel"]
[Black "Cigelski, Rudolf"]
[Result "0-1"]
[WhiteElo "1127"]
[BlackElo "1748"]
[PlyCount "68"]
[EventDate "2012.09.15"]
[EventType "team-tourn"]
[EventRounds "9"]
[EventCountry "GER"]
[SourceTitle "EXT 2015"]
[Source "ChessBase"]
[SourceDate "2014.11.20"]
[SourceVersion "1"]
[SourceVersionDate "2014.11.20"]
[SourceQuality "1"]
[WhiteTeam "Rheine Klein Berlin II"]
[BlackTeam "Telgte"]
[WhiteTeamCountry "GER"]
[BlackTeamCountry "GER"]

1. e4 Nc6 2. d4 d5 3. exd5 Qxd5 4. Be3 e5 5. Nc3 Bb4 6. a3 Bxc3+ 7. bxc3 Bf5 8. Nf3 Qa5 9. Bd2 Qa4 10. Qb1 Qxc2 11. Qxb7 Qe4+ 12. Kd1 Rb8 13. Qa6 Nge7 14. Bb5 0-0 15. Re1 Qc2+ 16. Ke2 Rb6 17. Qa4 Rxb5 18. Qxb5 Rb8 19. Rac1 Rxb5 20. Rxc2 Bxc2 21. Bc1 e4 22. Nd2 Bd3+ 23. Kd1 Nd5 24. Nxe4 Bxe4 25. c4 Nc3+ 26. Kd2 Rb3 27. f3 Nxd4 28. fxe4 Nb1+ 29. Kd1 Rd3+ 30. Bd2 Nxd2 31. Kc1 Nxc4 32. Kb1 Rd2 33. a4 Na3+ 34. Kc1 Nb3# 0-1